000 00835nab a2200253 u 4500
001 17540
003 HDC
007 cr bn ---aaaaa
008 210224c |r|noo 0 a d
040 _aHDC
100 _aTan, Genevieve,
_eauthor
_916875
245 0 _aGovt mulls using new halal detector /
_cby Genevieve Tan
260 _aBrunei :
_bBrunei Times PLC,
_c2009
336 _atext
_2rdacontent
337 _acomputer
_2rdamedia
338 _aonline resource
_2rdacarrier
650 _aHalal detector
_916876
650 _aHalal food inspection
_916877
710 _aThe Brunei Times
856 _zRequest full-text at [email protected]
942 _2lcc
942 _cNEWS
942 _kNWSO 009423
999 _c14856
_d14856